书目信息 |
| 题名: |
基于RS与GIS的地震区地质灾害与环境评价
|
|
| 作者: | 刘汉湖 , 杨武年 著 | |
| 分册: | ||
| 出版信息: | 北京 测绘出版社 2016.07 |
|
| 页数: | 164页 | |
| 开本: | 26cm | |
| 丛书名: | ||
| 单 册: | ||
| 中图分类: | P315.2 , P694 | |
| 科图分类: | ||
| 主题词: | 地理信息系统--应用--地震地质学--地震灾害--研究 , 天文学 , 地球科学 | |
| 电子资源: | ||
| ISBN: | 978-7-5030-3960-7 | |
| 000 | 01383nam0 2200277 450 | |
| 001 | 1412 | |
| 005 | 20180928100418.31 | |
| 010 | @a978-7-5030-3960-7@dCNY69.00 | |
| 100 | @a20161027d2016 em y0chiy50 ea | |
| 101 | 0 | @achi |
| 102 | @aCN@b110000 | |
| 105 | @ay z 000yy | |
| 200 | 1 | @a基于RS与GIS的地震区地质灾害与环境评价@9ji yu RS yu GIS de di zhen qu di zhi zai hai yu huan jing ping jia@dAssessment of geological hazards and environment in earthquake zone based on RS and GIS@zeng@f刘汉湖,杨武年著 |
| 210 | @a北京@c测绘出版社@d2016.07 | |
| 215 | @a164页@d26cm | |
| 330 | @a本书以岷江上游汶川县域为实验区,在充分分析研究历史资料基础上,采用遥感与地理信息系统技术,以多尺度数字高程模型和多源、多精度遥感图像及其他地理地质等数据为基础,阐述了遥感应急数据处理和信息提取关键技术问题,建立了地质灾害源及承灾体判识规范,提取了研究区地质灾害与地质环境评价指标,分别进行了基于栅格尺度及基于地质灾害单元尺度的斜坡地质灾害危险性评价,开展了研究区地质生态环境和居住环境选址研究。 | |
| 510 | 1 | @aAssessment of geological hazards and environment in earthquake zone based on RS and GIS@zeng |
| 606 | 0 | @a地理信息系统@x应用@x地震地质学@x地震灾害@x研究 |
| 606 | 0 | @a天文学 |
| 606 | 0 | @a地球科学 |
| 690 | @aP315.2@v5 | |
| 690 | @aP694@v4 | |
| 701 | 0 | @a刘汉湖@9liu han hu@4著 |
| 701 | 0 | @a杨武年@9yang wu nian@4著 |
| 801 | 0 | @aCN@b91MARC@c20161118 |
| 905 | @aMuseLib@dP694@e79 | |
| 基于RS与GIS的地震区地质灾害与环境评价=Assessment of geological hazards and environment in earthquake zone based on RS and GIS/刘汉湖,杨武年著.-北京:测绘出版社,2016.07 |
| 164页;26cm |
| ISBN 978-7-5030-3960-7:CNY69.00 |
| 本书以岷江上游汶川县域为实验区,在充分分析研究历史资料基础上,采用遥感与地理信息系统技术,以多尺度数字高程模型和多源、多精度遥感图像及其他地理地质等数据为基础,阐述了遥感应急数据处理和信息提取关键技术问题,建立了地质灾害源及承灾体判识规范,提取了研究区地质灾害与地质环境评价指标,分别进行了基于栅格尺度及基于地质灾害单元尺度的斜坡地质灾害危险性评价,开展了研究区地质生态环境和居住环境选址研究。 |
| ● |
| 相关链接 |
|
|
|
|
正题名:基于RS与GIS的地震区地质灾害与环境评价
索取号:P694/79
 
预约/预借
| 序号 | 登录号 | 条形码 | 馆藏地/架位号 | 状态 | 备注 |
| 1 | 1122551 | 211225510 | 第二样本阅览室/ [索取号:P694/79] | 在馆 | |
| 2 | 1122552 | 211225529 | 第三借阅区/ [索取号:P694/79] | 在馆 | |
| 3 | 1122553 | 211225538 | 第三借阅区/ [索取号:P694/79] | 在馆 | |
| 4 | 1122554 | 211225547 | 第三借阅区/ [索取号:P694/79] | 在馆 | |
| 5 | 1122555 | 211225556 | 第三借阅区/ [索取号:P694/79] | 在馆 |